Australian Government's Geoscience Portal (Record no. 120071)

MARC details
000 -LEADER
fixed length control field 00832cam a2200229 4500
001 - CONTROL NUMBER
control field WS118693
008 - FIXED-LENGTH DATA ELEMENTS--GENERAL INFORMATION
fixed length control field 020704n 000 0 eng u
035 ## - SYSTEM CONTROL NUMBER
System control number (Sirsi) u118693
245 ## - TITLE STATEMENT
Title Australian Government's Geoscience Portal
520 ## - SUMMARY, ETC.
Summary, etc. Web site giving access to geoscience information from Australian government's at state and federal levels. Includes pages on exploration, data, online maps, legislation and standards. Also give access to various databases of data.
650 ## - SUBJECT ADDED ENTRY--TOPICAL TERM
Topical term or geographic name entry element AUSTRALIA
650 ## - SUBJECT ADDED ENTRY--TOPICAL TERM
Topical term or geographic name entry element INTERNATIONAL
650 ## - SUBJECT ADDED ENTRY--TOPICAL TERM
Topical term or geographic name entry element GOVERNMENT
650 ## - SUBJECT ADDED ENTRY--TOPICAL TERM
Topical term or geographic name entry element MINING
650 ## - SUBJECT ADDED ENTRY--TOPICAL TERM
Topical term or geographic name entry element MINERALS
650 ## - SUBJECT ADDED ENTRY--TOPICAL TERM
Topical term or geographic name entry element COAL
650 ## - SUBJECT ADDED ENTRY--TOPICAL TERM
Topical term or geographic name entry element PETROLEUM
650 ## - SUBJECT ADDED ENTRY--TOPICAL TERM
Topical term or geographic name entry element PETROLEUM LEASES
690 ## - LOCAL SUBJECT ADDED ENTRY--TOPICAL TERM (OCLC, RLIN)
Topical term or geographic name as entry element Geomatics
9 (RLIN) 6242
856 40 - ELECTRONIC LOCATION AND ACCESS
Uniform Resource Identifier <a href="https://www.geoscience.gov.au">https://www.geoscience.gov.au</a>
Public note View the website free of charge at www.geoscience.gov.au...
942 ## - ADDED ENTRY ELEMENTS (KOHA)
Suppress in OPAC 0
Holdings
Withdrawn status Lost status Source of classification or shelving scheme Damaged status Not for loan Home library Current library Shelving location Date acquired Total Checkouts Full call number Barcode Date last seen Copy number Price effective from Koha item type
    Dewey Decimal Classification     Virtual Virtual Online 04/07/2002   WEB SITE 118693-2001 06/08/2019 1 06/08/2019 Online material